Deje una viva impresión... ísea maestro! / Clancy P. Hayes, recopiladora (Registro nro. 42341)
[ vista simple ]
| 000 -LÍDER | |
|---|---|
| Campo fijo de descripción fija | 009630000a22001930004500 |
| 001 - NÚMERO DE CONTROL | |
| Campo de control | 13361 |
| 041 0# - CÓDIGO DE IDIOMA | |
| Código de idioma para texto/pista de sonido o título separado | |
| 082 04 - NÚMERO DE CLASIFICACIÓN DECIMAL DEWEY | |
| Número de clasificación | G 268.3 H4171d |
| 100 1# - ASIENTO PRINCIPAL--NOMBRE PERSONAL | |
| Nombre personal | Hayes, Clancy P. |
| 245 10 - TÍTULO | |
| Título del Material | Deje una viva impresión... ísea maestro! / Clancy P. Hayes, recopiladora |
| 260 ## - PUBLICACIÓN, DISTRIBUCIÓN, ETC. (PIE DE IMPRENTA) | |
| Lugar de publicación, distribución, etc. | Springfield : Gospel |
| 300 ## - DESCRIPCIÓN FÍSICA | |
| Extensión | 173 Pag |
| 336 ## - CONTENT TYPE | |
| Content type term | texto |
| Content type code | txt |
| Source | rdacontent |
| 337 ## - MEDIA TYPE | |
| Source | rdamedia |
| Media type term | sin mediación |
| Media type code | n |
| 338 ## - CARRIER TYPE | |
| Source | rdacarrier |
| Carrier type term | volumen |
| Carrier type code | nc |
| 505 00 - NOTA DE CONTENIDO | |
| Nota de contenido con formato preestablecido | - Un maestro deja una viva impresión: - Confía en el llamado de Dios. Wes Bartel - Es ejemplo del carácter de Cristo. Conoce a sus alumno. Sharon Ellard - Extrema su influencia. - La enseñanza deja una viva impresión: - Define una norma de madurez - Fomenta la creatividad en el salón de clase. Verda Rubottom - Relaciona las creencias con la conducta. Renueva el énfasis en el evangelismo. Carey Huffman |
| 650 14 - ASIENTO SECUNDARIO DE MATERIA - TERMINO TEMÁTICO | |
| Término temático o nombre geográfico como elemento de entrada | BIBLIA - ENSEÑANZA \ EDUCACION RELIGIOSA - METODOS DE ENSEÑANZA |
| 942 ## - TIPO DE MATERIAL (KOHA) | |
| Tipo de Item KOHA | Libros General |
| Estado de Material | Estado de Perdido | Estado de Dañado | No para Préstamo | Colección | Tomo | Biblioteca de Origen | Biblioteca Permanente | Fecha de Adquisición | Total de Préstamos | Signatura Topográfica | Código de Barras | Última vez visto | Ejemplar/Existencia | Fecha de Remplazo | Tipo de Material |
|---|---|---|---|---|---|---|---|---|---|---|---|---|---|---|---|
| Colección General | Biblioteca FUSBC | Biblioteca FUSBC | 16/11/2005 | G 268.3 H4171d | 15472 | 12/12/2019 | 2016-12-02 | 26/01/2016 | Libros General |
